000
00343nam a2200145Ia 4500
008
230718s9999 xx 000 0 und d
041
_a
Eng.
082
_a
297.5
_b
ROY-I
100
_a
Roy C, Nelson
245
0
_a
Industrialization and politica
260
_a
Pakistan
_b
oxford our press
_c
1995
300
_a
144
650
_a
Law
999
_c
26129
_d
26129